[Event "46th Rilton Cup 2016-17"]
[Site "Stockholm SWE"]
[Date "2016.12.27"]
[Round "1.27"]
[White "Cramling, Pia"]
[Black "Matta, Vinay Kumar"]
[Result "1-0"]
[WhiteTitle "GM"]
[BlackTitle "FM"]
[WhiteElo "2453"]
[BlackElo "2227"]
[WhiteFideId "1700030"]
[BlackFideId "5016649"]
[EventDate "2016.12.27"]

1. Nf3 Nf6 2. c4 g6 3. Nc3 Bg7 4. e4 d6 5. d4 O-O 6. h3 e5 7. d5 Nh5 8. g3 f5 9.
exf5 gxf5 10. Ng5 Qe8 11. Be2 Nf6 12. Be3 Na6 13. Qd2 Nc5 14. O-O-O h6 15. Nf3
Nfe4 16. Nxe4 Nxe4 17. Qc2 f4 18. gxf4 exf4 19. Bd4 Bxd4 20. Nxd4 Nxf2 21. Rdg1+
Kh8 22. Ne6 Rf6 23. Rg7 1-0

[Event "46th Rilton Cup 2016-17"]
[Site "Stockholm SWE"]
[Date "2016.12.27"]
[Round "1.28"]
[White "Risting, Eivind Olav"]
[Black "Bellia, Fabrizio"]
[Result "1/2-1/2"]
[WhiteTitle "FM"]
[BlackTitle "IM"]
[WhiteElo "2222"]
[BlackElo "2433"]
[WhiteFideId "1517333"]
[BlackFideId "800511"]
[EventDate "2016.12.27"]

1. d4 Nf6 2. c4 e6 3. Nc3 Bb4 4. Qc2 O-O 5. Nf3 d5 6. cxd5 exd5 7. Bf4 c5 8.
dxc5 Ne4 9. e3 Nd7 10. Bd3 Ndxc5 11. O-O Nxd3 12. Qxd3 Bxc3 13. bxc3 Bf5 14. Nd4
Bg6 15. Qb5 Qe7 16. Qxd5 Rfd8 17. Qa5 b6 18. Qb4 Qb7 19. c4 Rac8 20. Rfd1 Nc5
21. Qa3 Rd7 22. f3 Rcd8 23. Bg3 f6 24. Qc3 Qa6 25. Rd2 Qa4 26. Rc1 Rc8 27. Nb5
Rd3 28. Qb2 Rcd8 29. Rxd3 Rxd3 30. h3 h5 31. Bf4 Ne6 32. Kh2 h4 33. Rc3 Rd1 34.
Qb3 Qxb3 35. axb3 a5 36. Bc7 a4 37. bxa4 Nc5 38. e4 Nxa4 39. Ra3 Nb2 40. Bxb6
Nxc4 41. Ra8+ Kh7 42. Bf2 Rd2 43. Kg1 Rd1+ 44. Kh2 Rd2 45. Kg1 1/2-1/2

[Event "46th Rilton Cup 2016-17"]
[Site "Stockholm SWE"]
[Date "2016.12.27"]
[Round "1.29"]
[White "Hauge, Lars Oskar"]
[Black "Prithu, Gupta"]
[Result "1-0"]
[WhiteTitle "IM"]
[WhiteElo "2431"]
[BlackElo "2219"]
[WhiteFideId "1509276"]
[BlackFideId "46618546"]
[EventDate "2016.12.27"]

1. e4 e6 2. d4 d5 3. Nd2 h6 4. Ngf3 Nf6 5. Bd3 c5 6. exd5 exd5 7. O-O c4 8. Re1+
Be7 9. Bf1 O-O 10. b3 cxb3 11. axb3 Nc6 12. Bb2 Bg4 13. h3 Bh5 14. Bd3 Bd6 15.
c4 Bb4 16. g4 Bg6 17. Bxg6 fxg6 18. Re3 h5 19. Ne5 Bxd2 20. Qxd2 Ne4 21. Rxe4
dxe4 22. Nxg6 Rf3 23. d5 hxg4 24. Re1 g3 25. Rxe4 Rxf2 26. Qc3 Rxb2 27. Qxb2 Qd6
28. Nf4 Ne7 29. Ne6 Nf5 30. Rf4 1-0

[Event "46th Rilton Cup 2016-17"]
[Site "Stockholm SWE"]
[Date "2016.12.27"]
[Round "1.30"]
[White "Narva, Mai"]
[Black "Kazakovskiy, Valeriy"]
[Result "1-0"]
[WhiteTitle "WIM"]
[BlackTitle "IM"]
[WhiteElo "2218"]
[BlackElo "2430"]
[WhiteFideId "4500512"]
[BlackFideId "13507443"]
[EventDate "2016.12.27"]

1. e4 e5 2. Nf3 Nc6 3. Bb5 a6 4. Ba4 Nf6 5. O-O Be7 6. Re1 b5 7. Bb3 O-O 8. h3
Bb7 9. d3 d6 10. a3 Na5 11. Ba2 c5 12. Nbd2 Qc7 13. Nf1 c4 14. Bd2 h6 15. Ng3
Rfc8 16. Bc3 cxd3 17. cxd3 Bf8 18. Rc1 Qd8 19. d4 exd4 20. Qxd4 Nc6 21. Qd2 a5
22. Bb3 a4 23. Ba2 Na5 24. Qf4 Nc4 25. Rcd1 Ra6 26. Nd4 Nxa3 27. Ne6 Qe8 28.
Bxf6 fxe6 29. bxa3 gxf6 30. Qg4+ Kf7 31. Nf5 Rac6 32. Rd3 Rc4 33. Bxc4 bxc4 34.
Rg3 1-0

[Event "46th Rilton Cup 2016-17"]
[Site "Stockholm SWE"]
[Date "2016.12.27"]
[Round "1.31"]
[White "Akesson, Ralf"]
[Black "Johansson, Gunnar"]
[Result "1/2-1/2"]
[WhiteTitle "GM"]
[WhiteElo "2417"]
[BlackElo "2210"]
[WhiteFideId "1700120"]
[BlackFideId "1703501"]
[EventDate "2016.12.27"]

1. c4 c6 2. Nf3 d5 3. d4 Nf6 4. Qb3 e6 5. g3 dxc4 6. Qxc4 b5 7. Qc2 Bb7 8. Bg2
Nbd7 9. Ne5 Qb6 10. O-O c5 11. Nxd7 Nxd7 12. d5 exd5 13. Nc3 Be7 14. Nxd5 Bxd5
15. Bxd5 Rd8 16. Qe4 Nf6 17. Bc6+ Kf8 18. Qf3 h6 19. Be3 g6 20. b4 Rc8 21. Be4
Kg7 22. Rac1 Rc7 23. Bd3 a6 24. Rc2 Rhc8 25. Rfc1 Nd7 26. Qd5 Qd6 27. Qxd6 Bxd6
28. Rd1 cxb4 29. Rxc7 Rxc7 30. Bxb5 axb5 31. Rxd6 g5 32. Rd4 Kg6 33. Rxb4 Rc2
34. Rd4 Nf8 35. Rd2 Rc4 36. Rb2 Ra4 37. Kf1 Ne6 38. Ke1 Nc7 39. Bd2 h5 40. f3 g4
41. Kf2 Ne6 42. Bb4 Nc7 43. a3 Nd5 44. Bc5 Nc3 45. Rd2 Rc4 46. Bb4 f6 47. Ke3
Rc8 48. Kf2 Rc4 49. Ke1 Na4 50. Rd5 Rc1+ 51. Kf2 gxf3 52. Kxf3 Rf1+ 53. Ke3 Nb6
54. Rxb5 Nc4+ 55. Ke4 Rf2 56. h3 Ne5 57. e3 Rg2 58. Bc3 Nc4 59. Kf3 Rc2 60. Bd4
Nd2+ 61. Ke2 Nb3+ 62. Kd3 Nxd4 63. exd4 Rg2 64. Rb3 Rxg3+ 65. Kc4 Rg1 66. a4 Ra1
67. Kb5 f5 68. a5 f4 69. a6 Kf5 70. Kb6 Ke4 71. d5 Kxd5 72. Rb5+ Kd6 73. Rxh5
Rb1+ 74. Ka5 f3 75. Rf5 Ra1+ 76. Kb4 Ke6 77. Rxf3 Rxa6 78. Kc5 Ra5+ 79. Kd4 Rf5
80. Rxf5 Kxf5 1/2-1/2

[Event "46th Rilton Cup 2016-17"]
[Site "Stockholm SWE"]
[Date "2016.12.27"]
[Round "1.32"]
[White "Ask, Josef"]
[Black "Sagit, Rauan"]
[Result "0-1"]
[BlackTitle "IM"]
[WhiteElo "2201"]
[BlackElo "2417"]
[WhiteFideId "1704583"]
[BlackFideId "1708376"]
[EventDate "2016.12.27"]

1. e4 c5 2. d4 cxd4 3. c3 dxc3 4. Nxc3 e6 5. Bc4 a6 6. Nf3 Nc6 7. O-O Nge7 8.
Bg5 f6 9. Be3 b5 10. Bb3 Ng6 11. Nd5 Rb8 12. Re1 Kf7 13. Rc1 a5 14. a3 a4 15.
Ba2 b4 16. axb4 Nxb4 17. Nxb4 Bxb4 18. Re2 Be7 19. Qxa4 Rb4 20. Qa7 Bb7 21. Rd2
Qa8 22. Rxd7 Qxa7 23. Bxa7 Ra8 24. Nd4 Ke8 25. Bxe6 Rxa7 26. Nc6 Bxc6 27. Rxa7
Rxe4 28. Bf5 Re5 29. Bd3 Nf4 30. Bf1 Nh3+ 31. gxh3 Rg5+ 32. Bg2 Bxg2 33. f4 Rg6
34. f5 Rg5 35. h4 Rg4 36. Kf2 Bd5 37. Rcc7 Bd8 38. Rc8 Rxh4 39. Kg3 Rh5 40. h4
g5 41. hxg5 Rxg5+ 42. Kf4 h5 43. Rh7 Rg4+ 44. Ke3 h4 45. b4 h3 46. Rxh3 Kd7 47.
Rb8 Bc7 48. Rh7+ Kd6 49. Rc8 Bb6+ 50. Kd3 Be4+ 51. Kc3 Bxf5 52. Rb8 Bd4+ 0-1

[Event "46th Rilton Cup 2016-17"]
[Site "Stockholm SWE"]
[Date "2016.12.27"]
[Round "1.33"]
[White "Sarkar, Justin"]
[Black "Grueso Cordoba, Santiago"]
[Result "1-0"]
[WhiteTitle "IM"]
[WhiteElo "2415"]
[BlackElo "2171"]
[WhiteFideId "2010011"]
[BlackFideId "1723529"]
[EventDate "2016.12.27"]

1. d4 Nf6 2. c4 e6 3. Nc3 Bb4 4. Qc2 O-O 5. Nf3 d6 6. a3 Bxc3+ 7. Qxc3 Nbd7 8.
e3 b6 9. Be2 Bb7 10. O-O Qe7 11. b4 Rfc8 12. Bb2 Ne4 13. Qc2 Rab8 14. Rfd1 c5
15. dxc5 bxc5 16. Nd2 Nef6 17. Nb3 d5 18. Nxc5 Nxc5 19. bxc5 Qxc5 20. Be5 Ra8
21. Qb2 Qe7 22. Rab1 Bc6 23. cxd5 Bxd5 24. f3 Bc4 25. Bxc4 Rxc4 26. Qb7 Qxb7 27.
Rxb7 Ra4 28. Bxf6 gxf6 29. Rdd7 Rxa3 30. Rxf7 Rxe3 31. Rg7+ Kh8 32. Rxh7+ Kg8
33. Rbg7+ Kf8 34. h4 a5 35. h5 a4 36. h6 1-0

[Event "46th Rilton Cup 2016-17"]
[Site "Stockholm SWE"]
[Date "2016.12.27"]
[Round "1.34"]
[White "Thompson, Ian D"]
[Black "Cruz Lledo, Pablo"]
[Result "0-1"]
[WhiteTitle "FM"]
[BlackTitle "FM"]
[WhiteElo "2153"]
[BlackElo "2415"]
[WhiteFideId "405205"]
[BlackFideId "2297361"]
[EventDate "2016.12.27"]

1. c4 c6 2. Nf3 d5 3. e3 Nf6 4. Nc3 a6 5. b3 Bg4 6. Be2 e6 7. h3 Bh5 8. Bb2 Bd6
9. d4 Nbd7 10. Qc2 O-O 11. O-O Rc8 12. e4 Bg6 13. Bd3 e5 14. exd5 cxd5 15. Bxg6
hxg6 16. dxe5 Nxe5 17. Nxe5 Bxe5 18. Rad1 Bb8 19. g3 Qa5 20. Qd3 dxc4 21. bxc4
Qb4 22. Rd2 Qxc4 23. Qf3 b5 24. Rfd1 Ba7 25. a3 Rfe8 26. Kg2 a5 27. Qb7 b4 28.
axb4 axb4 29. Nd5 Nxd5 30. Qxa7 Nc3 31. Rc1 Qe4+ 32. Kh2 Red8 33. Rxd8+ Rxd8 34.
Bxc3 bxc3 35. Qc5 Rd2 36. Qc8+ Kh7 37. Kg1 c2 0-1

[Event "46th Rilton Cup 2016-17"]
[Site "Stockholm SWE"]
[Date "2016.12.27"]
[Round "1.35"]
[White "Stefansson, Vignir Vatnar"]
[Black "Storme, Isak"]
[Result "1-0"]
[WhiteTitle "FM"]
[WhiteElo "2404"]
[BlackElo "2152"]
[WhiteFideId "2308649"]
[BlackFideId "1728113"]
[EventDate "2016.12.27"]

1. Nf3 Nf6 2. g3 c5 3. Bg2 d5 4. O-O Nc6 5. d3 e6 6. Nbd2 Be7 7. e4 O-O 8. Qe2
Qc7 9. e5 Nd7 10. Re1 b5 11. h4 Bb7 12. c3 a5 13. Nf1 d4 14. Bf4 dxc3 15. bxc3
b4 16. Ng5 Bxg5 17. hxg5 bxc3 18. Nh2 Nd4 19. Qh5 Bxg2 20. Kxg2 Qc6+ 21. Re4 Qb5
22. Rae1 g6 23. Qh3 h5 24. g4 Kg7 25. gxh5 gxh5 26. Ng4 Nf5 27. Nf6 h4 28. Bc1
Nxf6 29. gxf6+ Kg6 30. Qg4+ Kh7 31. Qh5+ Kg8 32. Rg4+ Ng7 33. Rxg7# 1-0

[Event "46th Rilton Cup 2016-17"]
[Site "Stockholm SWE"]
[Date "2016.12.27"]
[Round "1.36"]
[White "Ryzhkov, Vjacheslav"]
[Black "Houska, Jovanka"]
[Result "0-1"]
[BlackTitle "IM"]
[WhiteElo "2148"]
[BlackElo "2397"]
[WhiteFideId "4198484"]
[BlackFideId "405094"]
[EventDate "2016.12.27"]

1. e4 c6 2. d4 d5 3. e5 Bf5 4. Nf3 e6 5. Be2 Ne7 6. O-O h6 7. Nbd2 Nd7 8. Nb3
Nc8 9. a4 Be7 10. a5 O-O 11. Be3 Qc7 12. Ne1 c5 13. c3 Bd8 14. f4 c4 15. Nd2 Ne7
16. g4 Bh7 17. Ng2 a6 18. Qe1 b6 19. Nh4 f6 20. f5 fxe5 21. fxe6 Nf6 22. Nf5
Nxf5 23. gxf5 e4 24. axb6 Qxb6 25. Nxc4 dxc4 26. Bxc4 Be7 27. Qe2 Ne8 28. Bd5
Rb8 29. Rxa6 Qxb2 30. Qxb2 Rxb2 31. Ra7 Nf6 32. Ba2 Re8 33. d5 Bd6 34. Bf4 Bc5+ 0-1

[Event "46th Rilton Cup 2016-17"]
[Site "Stockholm SWE"]
[Date "2016.12.27"]
[Round "1.37"]
[White "Grafl, Florian"]
[Black "Lahlum, Hans Olav"]
[Result "1/2-1/2"]
[WhiteTitle "IM"]
[WhiteElo "2394"]
[BlackElo "2145"]
[WhiteFideId "4645715"]
[BlackFideId "1501348"]
[EventDate "2016.12.27"]

1. b4 d5 2. Bb2 c6 3. e3 Nf6 4. Nf3 Bg4 5. Be2 e6 6. a3 Nbd7 7. O-O Bd6 8. h3
Bh5 9. d3 O-O 10. Nbd2 e5 11. e4 Qe7 12. c4 dxe4 13. dxe4 Bc7 14. Ne1 Bg6 15.
Bf3 Rfd8 16. Qe2 Nf8 17. g3 Ne6 18. h4 h6 19. Nc2 Qd7 20. Rfd1 Qd3 21. Qxd3 Rxd3
22. Be2 Rd7 23. f3 Rad8 24. Nf1 Rxd1 25. Rxd1 Rxd1 26. Bxd1 Nd7 27. Kf2 f6 28.
Nfe3 Bf7 29. Be2 Kf8 30. Bf1 h5 31. Bh3 g6 32. Bc1 Ke7 33. Nd1 Nd8 34. Nb2 Nb6
35. Bf1 Ne6 36. Be3 Nc8 37. Na4 Nb6 38. Nb2 Nc8 39. Na1 Bb6 40. c5 Bc7 41. Nc4
Kd7 42. Bh3 Kd8 43. Nb3 b5 44. cxb6 axb6 45. Bf1 b5 46. Nca5 Kd7 47. Bh3 Bb6 48.
Nc5+ Bxc5 49. Bxc5 Kc7 50. Be3 Nd6 51. Ke2 Nf8 52. Kd3 Nc4 53. Nxc4 Bxc4+ 54.
Kc3 Nd7 55. f4 Bf7 56. f5 Nb6 57. Bxb6+ Kxb6 58. fxg6 Bxg6 59. Kd3 c5 60. bxc5+
Kxc5 61. g4 b4 62. axb4+ Kxb4 63. gxh5 Bxh5 64. Bf1 Kc5 65. Be2 Bg6 66. Ke3 1/2-1/2

[Event "46th Rilton Cup 2016-17"]
[Site "Stockholm SWE"]
[Date "2016.12.27"]
[Round "1.38"]
[White "Dahl, Trygve"]
[Black "Krishna, C R G"]
[Result "0-1"]
[BlackTitle "IM"]
[WhiteElo "2140"]
[BlackElo "2390"]
[WhiteFideId "1513427"]
[BlackFideId "5018625"]
[EventDate "2016.12.27"]

1. e4 e6 2. d4 d5 3. Nc3 Bb4 4. exd5 exd5 5. Bd3 Nc6 6. a3 Be7 7. Be3 Bf6 8.
Nge2 Nge7 9. O-O O-O 10. Ng3 g6 11. Nce2 h5 12. Nf4 h4 13. Nge2 Nf5 14. c3 Re8
15. Bd2 Nce7 16. Qc2 Nd6 17. Rae1 c6 18. Kh1 Bf5 19. Ng1 Bxd3 20. Nxd3 Ne4 21.
Nf3 Nf5 22. Bf4 Bg7 23. Kg1 Rc8 24. Nd2 g5 25. Be3 Ned6 26. Ne5 f6 27. Ng4 Qd7
28. f3 Nf7 29. Bf2 N7d6 30. Ne3 Nxe3 31. Rxe3 Nf5 32. Ree1 Bf8 33. g3 hxg3 34.
hxg3 Bd6 35. Kg2 Kg7 36. g4 Ne7 37. Rh1 Ng6 38. Rxe8 Rxe8 39. Nf1 Re2 40. Qb1
Nh4+ 41. Rxh4 gxh4 42. Ne3 Bg3 43. Nf5+ Kg8 44. Nxg3 hxg3 45. Kxg3 Qh7 0-1

[Event "46th Rilton Cup 2016-17"]
[Site "Stockholm SWE"]
[Date "2016.12.27"]
[Round "1.39"]
[White "Grunberg, Mihai-Lucian"]
[Black "Hallman, Valo"]
[Result "0-1"]
[WhiteTitle "IM"]
[WhiteElo "2389"]
[BlackElo "2098"]
[WhiteFideId "1204149"]
[BlackFideId "508098"]
[EventDate "2016.12.27"]

1. Nf3 d6 2. d4 Nf6 3. c4 Nbd7 4. Nc3 e5 5. g3 Be7 6. Bg2 O-O 7. O-O c6 8. Qc2
Qc7 9. Rd1 Re8 10. b3 Bf8 11. h3 h6 12. Rb1 a6 13. e3 Rb8 14. b4 e4 15. Ne1 d5
16. cxd5 cxd5 17. Nxe4 Qxc2 18. Nxf6+ Nxf6 19. Nxc2 Bf5 20. Rb2 Bxc2 21. Rxc2
Bxb4 22. Bb2 Rec8 23. Rdc1 Rxc2 24. Rxc2 Bd6 25. g4 Kf8 26. f3 Re8 27. Kf2 Nd7
28. e4 f6 29. Rc3 Nb6 30. Rb3 Na4 31. Rxb7 Rc8 32. e5 Rc2+ 33. Kg3 fxe5 34. dxe5
Rxb2 35. Rxb2 Bxe5+ 36. f4 Bxb2 37. Bxd5 Ke7 38. g5 hxg5 39. fxg5 Kd6 40. Bf7
Kc5 41. h4 Kb4 42. h5 Ka3 43. h6 gxh6 44. gxh6 Nc3 45. h7 Nxa2 46. Kf4 a5 47.
Ke3 Bh8 48. Kd3 Nc3 49. Kc4 Kb2 50. Be8 a4 51. Bxa4 Nxa4 52. Kd3 Nc3 0-1

[Event "46th Rilton Cup 2016-17"]
[Site "Stockholm SWE"]
[Date "2016.12.27"]
[Round "1.40"]
[White "Svorono, Gabriel"]
[Black "Wallace, John Paul"]
[Result "0-1"]
[BlackTitle "IM"]
[WhiteElo "2094"]
[BlackElo "2387"]
[WhiteFideId "1715623"]
[BlackFideId "3200957"]
[EventDate "2016.12.27"]

1. e4 c5 2. Nf3 d6 3. d4 cxd4 4. Nxd4 Nf6 5. Nc3 a6 6. Be3 e6 7. Be2 Be7 8. O-O
Qc7 9. a4 b6 10. f4 Bb7 11. Bf3 Nbd7 12. f5 e5 13. Nb3 Rc8 14. Qe2 h5 15. Rad1
Qb8 16. h4 Rxc3 17. bxc3 Nxe4 18. Bxe4 Bxe4 19. Bg5 Bb7 20. Bxe7 Kxe7 21. a5 Qc7
22. axb6 Qxc3 23. Qd2 Qxd2 24. Rxd2 Nxb6 25. Na5 Ba8 26. Rb1 Nd5 27. Nc4 Rc8 28.
Nb6 Nxb6 29. Rxb6 Be4 30. Rbxd6 Bxf5 31. Rxa6 Bxc2 32. Ra7+ Kf8 33. Rdd7 Bb3 34.
Re7 Be6 35. Rxe6 fxe6 36. Ra5 Kf7 37. Rxe5 g6 38. Kf2 Rc4 39. g3 Kf6 40. Re3 e5
41. Ra3 Kf5 42. Ra6 Rc2+ 43. Ke3 Rc3+ 44. Kf2 Rc2+ 45. Ke3 Rc3+ 46. Kf2 Rc5 47.
Ke3 Rb5 48. Rc6 Ra5 49. Rb6 e4 50. Rc6 Ra3+ 51. Ke2 Rxg3 0-1

[Event "46th Rilton Cup 2016-17"]
[Site "Stockholm SWE"]
[Date "2016.12.27"]
[Round "1.41"]
[White "Mihajlov, Sebastian"]
[Black "Sankalp, Gupta"]
[Result "1/2-1/2"]
[WhiteTitle "FM"]
[WhiteElo "2384"]
[BlackElo "2093"]
[WhiteFideId "1512110"]
[BlackFideId "5097010"]
[EventDate "2016.12.27"]

1. d4 Nf6 2. c4 e6 3. Nf3 Bb4+ 4. Nbd2 d6 5. e3 O-O 6. a3 Bxd2+ 7. Qxd2 a5 8.
Bd3 a4 9. O-O Qe7 10. Qc3 Nc6 11. e4 e5 12. d5 Na5 13. Bc2 b6 14. Bg5 Bd7 15. g3
Rfe8 16. Rfe1 Nb7 17. Nh4 h6 18. Bd2 Nc5 19. Nf5 Bxf5 20. exf5 Qd7 21. g4 c6 22.
dxc6 Qxc6 23. g5 hxg5 24. Bxg5 Nce4 25. Bxe4 Nxe4 26. Qf3 d5 27. h4 Qxc4 28. Qg2
Nxg5 29. hxg5 Qf4 30. f6 e4 31. Re3 Re5 32. Rg3 e3 33. fxe3 Rxe3 34. Rg4 Qf3 35.
Qxf3 Rxf3 36. Rf1 Rxf1+ 37. Kxf1 Ra5 38. Rb4 Ra6 39. Rb5 d4 1/2-1/2

[Event "46th Rilton Cup 2016-17"]
[Site "Stockholm SWE"]
[Date "2016.12.27"]
[Round "1.42"]
[White "Petersson, Baldur Teodor"]
[Black "Henderson de La Fuente, Lance"]
[Result "0-1"]
[WhiteElo "2074"]
[BlackElo "2378"]
[WhiteFideId "2309157"]
[BlackFideId "32096585"]
[EventDate "2016.12.27"]

1. e4 c5 2. Nc3 Nc6 3. g3 g6 4. Bg2 Bg7 5. d3 d6 6. f4 e6 7. Nf3 Nge7 8. O-O O-O
9. Be3 b6 10. d4 Bb7 11. Qd2 cxd4 12. Nxd4 Na5 13. b3 Rc8 14. Rad1 Qc7 15. Ncb5
Qb8 16. c4 Rfd8 17. Qf2 Qa8 18. Rfe1 a6 19. Na3 Bxe4 20. Bxe4 Qxe4 21. Nf3 Qf5
22. Bxb6 Rd7 23. Nh4 Qh5 24. f5 Nec6 25. Bxa5 Nxa5 26. Qb6 Bc3 27. Qxa6 Nb7 28.
Rf1 gxf5 29. Nb5 Bf6 30. Ng2 Qe2 31. Rfe1 Qc2 32. Ne3 Qb2 33. Rb1 Qd2 34. Rbd1
Qb4 35. Na7 Rcc7 36. Qb5 Qa3 37. Qb6 Qxa2 38. Nb5 Rc8 39. Nxd6 Nxd6 40. Rxd6
Rxd6 41. Qxd6 Qxb3 42. Qd1 Qxd1 43. Rxd1 Bg5 44. Kf2 Bxe3+ 45. Kxe3 Rxc4 46. h4
Rc3+ 47. Kf4 Kg7 48. Rd6 Kg6 49. Rb6 h5 50. Ra6 Rc4+ 51. Kf3 Rg4 52. Rb6 Kg7 53.
Rb5 f6 54. Rb7+ Kg6 55. Rb8 e5 56. Rg8+ Kh7 57. Re8 f4 0-1

[Event "46th Rilton Cup 2016-17"]
[Site "Stockholm SWE"]
[Date "2016.12.27"]
[Round "1.43"]
[White "Balcerak, Philipp"]
[Black "Carlsson, Ludvig"]
[Result "1-0"]
[WhiteElo "2372"]
[BlackElo "2073"]
[WhiteFideId "4655036"]
[BlackFideId "1727010"]
[EventDate "2016.12.27"]

1. e4 c5 2. Nf3 d6 3. d4 cxd4 4. Nxd4 Nf6 5. Nc3 g6 6. Be3 Bg7 7. f3 O-O 8. Qd2
Nc6 9. O-O-O d5 10. Kb1 Nxd4 11. e5 Nf5 12. exf6 exf6 13. Bc5 Re8 14. Nxd5 Be6
15. Bb5 Qc8 16. Bxe8 Qxc5 17. Ba4 b5 18. Bb3 a5 19. Qc3 Qa7 20. Nc7 Rc8 21. Nxe6 1-0

[Event "46th Rilton Cup 2016-17"]
[Site "Stockholm SWE"]
[Date "2016.12.27"]
[Round "1.44"]
[White "Berglind, Axel"]
[Black "Von Bahr, Oskar"]
[Result "0-1"]
[BlackTitle "FM"]
[WhiteElo "2043"]
[BlackElo "2357"]
[WhiteFideId "1720228"]
[BlackFideId "1703250"]
[EventDate "2016.12.27"]

1. c4 e5 2. Nc3 Nf6 3. Nf3 Nc6 4. g3 d5 5. cxd5 Nxd5 6. Bg2 Nb6 7. O-O Be7 8. d3
O-O 9. Be3 Re8 10. Rc1 Bg4 11. Na4 Nd4 12. Bxd4 exd4 13. Nc5 Bxc5 14. Rxc5 Qd6
15. Qc1 c6 16. h3 Bxf3 17. Bxf3 Re7 18. Rc2 Nd5 19. Bxd5 Qxd5 20. Qf4 Rae8 21.
Rfc1 h6 22. Qg4 Qxa2 23. Qxd4 Rxe2 24. Rxe2 Rxe2 25. Qd8+ Kh7 26. Qd7 Rxb2 27.
Qf5+ g6 28. Qf6 Rb1 29. Rxb1 Qxb1+ 30. Kh2 Qb3 31. h4 Qe6 32. Qd4 b6 33. h5 gxh5
34. Qf4 a5 35. d4 a4 36. d5 Qxd5 37. Qxa4 b5 38. Qb4 Qc4 39. Qb1+ Kg8 40. Qf5 h4
41. g4 Qe6 42. Qf4 Kg7 43. Qd4+ Qf6 44. Qc5 Qf3 45. Qd4+ Kh7 46. Qc5 h3 0-1

[Event "46th Rilton Cup 2016-17"]
[Site "Stockholm SWE"]
[Date "2016.12.27"]
[Round "1.45"]
[White "Nielsen, Rogvi Egilstoft"]
[Black "Emmoth, Alfons"]
[Result "1-0"]
[WhiteTitle "FM"]
[WhiteElo "2351"]
[BlackElo "2041"]
[WhiteFideId "7200447"]
[BlackFideId "1718266"]
[EventDate "2016.12.27"]

1. e4 e6 2. Nf3 d5 3. Nc3 Nf6 4. e5 Nfd7 5. d4 a6 6. Bd3 c5 7. dxc5 Nc6 8. Bf4
Be7 9. h4 Qc7 10. Qe2 Bxc5 11. O-O Nd4 12. Nxd4 Bxd4 13. Rae1 Nc5 14. Bb5+ Kf8
15. Nxd5 exd5 16. e6 Qe7 17. Bd6 Bxe6 18. Bxe7+ Kxe7 19. Bd3 h6 20. b4 Nxd3 21.
Qxd3 Bf6 22. Qxd5 Rab8 23. Qc5+ Ke8 24. Qc7 Rd8 25. Qxb7 1-0

[Event "46th Rilton Cup 2016-17"]
[Site "Stockholm SWE"]
[Date "2016.12.27"]
[Round "1.46"]
[White "Sorensen, Hampus"]
[Black "Gajic, Mladen"]
[Result "1/2-1/2"]
[BlackTitle "FM"]
[WhiteElo "2040"]
[BlackElo "2349"]
[WhiteFideId "8703884"]
[BlackFideId "1709178"]
[EventDate "2016.12.27"]

1. d4 g6 2. c4 Bg7 3. Nc3 d6 4. e4 Nc6 5. d5 Nd4 6. Be3 c5 7. Nge2 Qb6 8. Rb1
Bd7 9. b4 Nxe2 10. Nxe2 Qc7 11. bxc5 dxc5 12. Qb3 b6 13. g3 e5 14. dxe6 Bxe6 15.
Bg2 Rd8 16. O-O Ne7 17. Nf4 O-O 18. Nd5 Nxd5 19. exd5 Bf5 20. Rbe1 Rfe8 21. Bg5
Rc8 22. Bf4 Qd7 23. Qd1 Bc3 24. Bd2 Be5 25. Re3 b5 26. cxb5 Qxb5 27. Bc3 Bxc3
28. Rxc3 c4 29. Qd4 Bd3 30. Rfc1 Rcd8 31. h4 h5 32. a3 Qb6 33. Qxb6 axb6 34. Rd1
Re5 35. Bf1 Rexd5 36. Bxd3 cxd3 37. Rd2 R8d6 38. f3 f6 39. Kf2 g5 40. Ke3 Re5+
41. Kf2 Red5 42. Ke3 Kf7 43. Rcxd3 Ke6 44. Rxd5 Rxd5 45. Rxd5 Kxd5 46. Kd3 gxh4
47. gxh4 f5 48. Kc3 Kc5 49. a4 f4 50. Kb3 Kd4 51. Kb4 Ke3 52. Kb5 Kxf3 53. Kxb6
Kg3 54. a5 f3 55. a6 f2 56. a7 f1=Q 57. a8=Q Qf6+ 58. Kc5 Kxh4 59. Qh1+ Kg5 60.
Qg2+ Kh6 61. Kc4 h4 62. Kd3 Qf4 63. Ke2 Qc4+ 64. Kf2 Qc5+ 65. Kf1 Qe3 66. Qf2 1/2-1/2

[Event "46th Rilton Cup 2016-17"]
[Site "Stockholm SWE"]
[Date "2016.12.27"]
[Round "1.47"]
[White "Gulamali, Kazim"]
[Black "Henderson de La Fuente, Andrea"]
[Result "1-0"]
[WhiteTitle "FM"]
[WhiteElo "2341"]
[BlackElo "2019"]
[WhiteFideId "2024764"]
[BlackFideId "32096577"]
[EventDate "2016.12.27"]

1. e4 d6 2. d4 Nf6 3. Nc3 e5 4. Nge2 Be7 5. g3 Nbd7 6. Bg2 c6 7. a4 a5 8. O-O
O-O 9. h3 exd4 10. Nxd4 Nb6 11. Re1 Re8 12. g4 h6 13. Bf4 d5 14. e5 Nh7 15. Nf5
Bg5 16. Bxg5 Qxg5 17. Nd6 Rxe5 18. Qd4 Nc4 19. f4 Rxe1+ 20. Rxe1 Qh4 21. Re8+
Nf8 22. Nxc4 dxc4 23. Qc5 Qg3 24. Rxf8+ Kh7 25. Qf2 1-0

[Event "46th Rilton Cup 2016-17"]
[Site "Stockholm SWE"]
[Date "2016.12.27"]
[Round "1.48"]
[White "Vrtiakova, Anna"]
[Black "Nihal, Sarin"]
[Result "0-1"]
[WhiteTitle "WFM"]
[BlackTitle "FM"]
[WhiteElo "2010"]
[BlackElo "2340"]
[WhiteFideId "14927870"]
[BlackFideId "25092340"]
[EventDate "2016.12.27"]

1. e4 c5 2. Nf3 d6 3. d4 Nf6 4. Nc3 cxd4 5. Nxd4 a6 6. Be3 e5 7. Nb3 Be6 8. h3
Nbd7 9. f4 exf4 10. Bxf4 Rc8 11. Bd3 Be7 12. Qe2 O-O 13. O-O Ne5 14. Nd5 Nxd5
15. exd5 Bxd5 16. Bxe5 dxe5 17. Rad1 e4 18. Bxe4 Qb6+ 19. Kh1 Bxe4 20. Qxe4 Bf6
21. c3 Rcd8 22. Qf5 Rxd1 23. Rxd1 Rd8 24. Re1 g6 25. Qc5 Qd6 26. Qxd6 Rxd6 27.
Nc5 Kg7 28. Rf1 Be5 29. Nb3 b6 30. Kg1 Bg3 31. Rc1 b5 32. Nd4 Bf4 33. Re1 b4 34.
Re4 bxc3 35. bxc3 Bd2 36. Rg4 Rd5 37. Rg3 Rc5 38. Ne2 Ra5 39. Rd3 Rxa2 40. Kf2
a5 41. c4 Bb4 42. Kf3 Rc2 43. Rd4 Bc5 44. Rd7 Rxc4 45. Nf4 Kf6 46. Nd3 Bd4 47.
Rd6+ Kg7 48. Ra6 a4 49. g4 Bf6 50. Ra5 Rc3 0-1